01110nam0a2200205 4500001001800000005001700018035002600035100004100061101000800102102000700110105001600117200030900133210004800442215001500490541028900505686001400794700003100808801002800839852003700867RU\NLR\ONL1\1384420250613121830.0 a(NLR Aleph) 009642588 a20090316d1932 |||y0rusy50 ca0 amyv aRU ay |||||||||1 aКода кассть комсомолось ды пионерорганизациясь ды кода аравтозь сынст ютксо политико-воспитательной рабутасьeВЛКСМ-нь 7-це конференциясонть докладозоfС. Салтанов aМ.cОГИЗcМол. гвардияd1932 a48 с.d181 aРост комсомола и пионерорганизации и состояние политико-воспитательной работы в комсомоле и среди пионеровeдоклад на 7 Всесоюзной конференции ВЛКСМzrus1 aФ75(2)11 1aСалтановbС.4070 0aRUbNLRc20090316gPSBO aNLRbОНЛjМорд.э./2-1776